| 000 | 00519nam a2200169 i 4500 | ||
|---|---|---|---|
| 001 | 112682 | ||
| 003 | ES-MaACL | ||
| 005 | 20230906185608.0 | ||
| 007 | t| | ||
| 008 | 061121s1903 fr r ||||1| fre d | ||
| 100 | 1 |
_aNovicow, Jacques ( _d1849-1912) _986078 |
|
| 245 | 1 | 2 |
_aL'expansion de la nationalité française _b: coup d'oeil sur l'avenir / _cJ. Novicow. |
| 260 |
_aParis : _bA. Colin, _c1903. |
||
| 300 |
_a215 p. ; _c19 x 12 cm. |
||
| 650 | 4 |
_aLengua francesa- _xDifusión. _9156484 |
|
| 852 |
_aES-MaACL _jG-630 |
||
| 999 |
_c112682 _d112682 |
||